Catalog

Record Details

Catalog Search



Creative wildfire : an introduction to art ... Read More

Ludwig, L. K.(Author).

Available copies

  • 1 of 1 copy available at LARL/NWRL Consortium.
  • 1 of 1 copy available at Lake Agassiz Regional Library. (Show preferred library)

Current holds

0 current holds with 1 total copy.

Show Only Available Copies
Location Call Number / Copy Notes Barcode Shelving Location Status Due Date
Hawley Public Library 745.5 LUD (Text) 33500011154788 Main Available -

Record details

  • ISBN: 9781592536016
  • ISBN: 1592536018
  • Physical Description: 128 p. : ill. (chiefly col.) ; 26 cm.
  • Publisher: Beverly, Mass. : Quarry Books, c2010.

Content descriptions

General Note:
Includes take-along journal.
Includes bibliographical references (p. 122).
Subject: Handicraft.
Diaries > Authorship.
LDR 01151cam a22003378a 4500
001123235
003LARL_NWRL_CONSORTIUM
00520101001101402.0
008100105s2010 maua b 000 0 eng
010 . ‡a2009052446
015 . ‡aGBB040095 ‡2bnb
0167 . ‡a015511572 ‡2Uk
020 . ‡a9781592536016
020 . ‡a1592536018
035 . ‡a(OCoLC)437298909
040 . ‡aDLC ‡cDLC ‡dBTCTA ‡dUKM ‡dCDX ‡dBKX ‡dYDXCP
05000. ‡aTT157 ‡b.L82 2010
08200. ‡a745.5 ‡222
1001 . ‡aLudwig, L. K. ‡0(LARL_NWRL_CONSORTIUM)197519
24510. ‡aCreative wildfire : ‡ban introduction to art journaling--basics and beyond / ‡cL.K. Ludwig.
260 . ‡aBeverly, Mass. : ‡bQuarry Books, ‡cc2010.
300 . ‡a128 p. : ‡bill. (chiefly col.) ; ‡c26 cm.
500 . ‡aIncludes take-along journal.
500 . ‡aIncludes bibliographical references (p. 122).
650 0. ‡aHandicraft. ‡0(LARL_NWRL_CONSORTIUM)21871
650 0. ‡aDiaries ‡xAuthorship. ‡0(LARL_NWRL_CONSORTIUM)35757
948 . ‡hNO HOLDINGS IN LAL - 47 OTHER HOLDINGS
994 . ‡aZ0 ‡bLAL
901 . ‡a123235 ‡bOCLC ‡c123235 ‡tbiblio

Additional Resources